000 00663nam a2200277Ia 4500
005 20260324133300.0
008 008 260324s9999 xx 000 0 eng d
020 _a9780080505954
037 _aEBOOK
040 _aCRL
040 _beng
040 _cCRL
041 _2eng
041 _aeng
084 _qCRL
100 _aR D Buchan; Eric Fleming; Fiona Grant
_91192493
245 0 _aEstimating for Builders and Surveyors
260 _bTaylor and Francis
260 _c2003
365 _a
365 _b340
856 _uhttp://www.taylorfrancis.com/books/9780080505954
942 _cEBOOK
999 _c1791390
_d1791390